[Event "Regionalliga NO 9900"]
[Site "Bayern"]
[Date "1999.??.??"]
[Round "3.4"]
[White "Magyar, Otto"]
[Black "Ponnath, Lorenz"]
[Result "1-0"]
[WhiteElo "2300"]
[BlackElo "2075"]
[PlyCount "51"]
[EventDate "1999.??.??"]
[EventType "team-tourn"]
[EventRounds "9"]
[EventCountry "GER"]
[SourceTitle "EXT 2020"]
[Source "ChessBase"]
[SourceDate "2019.10.17"]
[SourceVersion "1"]
[SourceVersionDate "2019.10.17"]
[SourceQuality "1"]
[WhiteTeam "Koetzting"]
[BlackTeam "Schwabach"]
[WhiteTeamCountry "GER"]
[BlackTeamCountry "GER"]

1. e4 c5 2. Nf3 Nc6 3. d4 cxd4 4. Nxd4 Nf6 5. Nc3 e5 6. Ndb5 d6 7. Bg5 a6 8. Na3 b5 9. Nd5 Be7 10. Bxf6 Bxf6 11. c3 Bg5 12. Nc2 0-0 13. a4 bxa4 14. Rxa4 Ne7 15. Bc4 a5 16. 0-0 Bd7 17. Ra2 Rc8 18. Qd3 Nxd5 19. Bxd5 Qb6 20. Rfa1 Kh8 21. Ne3 a4 22. Re1 Bb5 23. c4 Qa5 24. b4 Qxb4 25. Rb1 Rxc4 26. Bxc4 1-0

[Event "Mittelfranken Mitte-ch 9899"]
[Site "Zirndorf"]
[Date "1999.??.??"]
[Round "7"]
[White "Ponnath, Lorenz"]
[Black "Soergel, Frank"]
[Result "1/2-1/2"]
[WhiteElo "2079"]
[BlackElo "2033"]
[PlyCount "73"]
[EventDate "1999.01.23"]
[EventType "swiss"]
[EventRounds "7"]
[EventCountry "GER"]
[SourceTitle "EXT 2015"]
[Source "ChessBase"]
[SourceDate "2014.11.20"]
[SourceVersion "1"]
[SourceVersionDate "2014.11.20"]
[SourceQuality "1"]

1. e4 c5 2. Nf3 d6 3. d4 cxd4 4. Nxd4 Nf6 5. Nc3 g6 6. g4 Bxg4 7. f3 Bd7 8. Be3 Bg7 9. Qd2 0-0 10. Rg1 Nc6 11. 0-0-0 Rc8 12. Kb1 a6 13. h4 b5 14. h5 Nxh5 15. Qh2 Nxd4 16. Bxd4 e5 17. Be3 Rxc3 18. bxc3 Be6 19. Qd2 Qa5 20. c4 Qxd2 21. Rxd2 bxc4 22. Rxd6 Rb8+ 23. Rb6 Rxb6+ 24. Bxb6 Bf8 25. c3 Nf4 26. Kc2 h5 27. Be3 Kg7 28. Bg2 Nxg2 29. Rxg2 f5 30. Bg5 Kf7 31. Kd1 fxe4 32. fxe4 Bg4+ 33. Kd2 Be7 34. Rf2+ Ke6 35. Bxe7 Kxe7 36. Ke3 Bd7 37. Rb2 1/2-1/2

[Event "Regionalliga NO 9900"]
[Site "Bayern"]
[Date "1999.??.??"]
[Round "1.4"]
[White "Reindl, Wolfgang"]
[Black "Ponnath, Lorenz"]
[Result "0-1"]
[WhiteElo "2018"]
[BlackElo "2070"]
[PlyCount "66"]
[EventDate "1999.??.??"]
[EventType "team-tourn"]
[EventRounds "9"]
[EventCountry "GER"]
[SourceTitle "EXT 2020"]
[Source "ChessBase"]
[SourceDate "2019.10.17"]
[SourceVersion "1"]
[SourceVersionDate "2019.10.17"]
[SourceQuality "1"]
[WhiteTeam "Amberg SG Siemens"]
[BlackTeam "Schwabach"]
[WhiteTeamCountry "GER"]
[BlackTeamCountry "GER"]

1. d4 Nf6 2. Nf3 g6 3. Bf4 Bg7 4. e3 d6 5. h3 Nbd7 6. Nbd2 b6 7. Bd3 Bb7 8. 0-0 c5 9. c3 Qc7 10. Qe2 e5 11. dxe5 dxe5 12. Bh2 0-0 13. Rfd1 Rfe8 14. Bc2 a5 15. Ba4 Re7 16. Bb5 Rd8 17. Nc4 Rf8 18. Rd6 Ne4 19. Rxd7 Rxd7 20. Bxd7 Qxd7 21. Ncxe5 Qe6 22. a3 f6 23. Nd3 Rd8 24. Qc2 Bh6 25. Nf4 Bxf4 26. Bxf4 g5 27. Bh2 g4 28. hxg4 Qxg4 29. Rd1 Rd5 30. Qb3 c4 31. Qxc4 Ng5 32. Qb3 Nxf3+ 33. Kh1 Qh5 0-1

[Event "Mittelfranken Mitte-ch 9899"]
[Site "Zirndorf"]
[Date "1999.??.??"]
[Round "6"]
[White "Sokolovs, Jurijs"]
[Black "Ponnath, Lorenz"]
[Result "1-0"]
[WhiteElo "2456"]
[BlackElo "2079"]
[PlyCount "57"]
[EventDate "1999.01.23"]
[EventType "swiss"]
[EventRounds "7"]
[EventCountry "GER"]
[SourceTitle "EXT 2015"]
[Source "ChessBase"]
[SourceDate "2014.11.20"]
[SourceVersion "1"]
[SourceVersionDate "2014.11.20"]
[SourceQuality "1"]

1. d4 Nf6 2. c4 g6 3. Nc3 d5 4. Bf4 Bg7 5. Qa4+ Bd7 6. Qb3 Nc6 7. cxd5 Nxd4 8. Qd1 Nh5 9. Bd2 0-0 10. e3 e5 11. Bd3 Re8 12. Nge2 Bg4 13. 0-0 Nf3+ 14. gxf3 Bxf3 15. Qa4 b5 16. Bxb5 Nf4 17. Rfe1 Qh4 18. Ng3 Nh3+ 19. Kf1 e4 20. Be2 Nf4 21. Kg1 Nxe2+ 22. Ncxe2 Be5 23. Qc4 Rad8 24. Bc3 Rxd5 25. Bxe5 Rexe5 26. Nd4 Rxd4 27. exd4 Rh5 28. Nxh5 gxh5 29. Qxc7 1-0

[Event "Regionalliga NO 9900"]
[Site "Bayern"]
[Date "1999.??.??"]
[Round "2.3"]
[White "Sommer, Matthias"]
[Black "Ponnath, Lorenz"]
[Result "1-0"]
[WhiteElo "1944"]
[BlackElo "2070"]
[PlyCount "99"]
[EventDate "1999.??.??"]
[EventType "team-tourn"]
[EventRounds "9"]
[EventCountry "GER"]
[SourceTitle "EXT 2020"]
[Source "ChessBase"]
[SourceDate "2019.10.17"]
[SourceVersion "1"]
[SourceVersionDate "2019.10.17"]
[SourceQuality "1"]
[WhiteTeam "Nuernberg Noris Tarrasch II"]
[BlackTeam "Schwabach"]
[WhiteTeamCountry "GER"]
[BlackTeamCountry "GER"]

1. d4 e6 2. c4 Nf6 3. Nc3 Bb4 4. f3 c5 5. d5 b5 6. e4 bxc4 7. Bxc4 Nxd5 8. Bxd5 exd5 9. Qxd5 0-0 10. Nge2 Nc6 11. 0-0 Rb8 12. Rd1 Rb6 13. Be3 Nd4 14. Nxd4 Bb7 15. Qb3 cxd4 16. Bxd4 Bc5 17. Qc2 Qc7 18. Qf2 Bxd4 19. Rxd4 Rh6 20. h3 f5 21. Rad1 fxe4 22. Nxe4 Qb6 23. b3 Qa5 24. Qd2 Qe5 25. Qg5 Qxg5 26. Nxg5 Rg6 27. Rxd7 Bc8 28. Rd8 Rxg5 29. Rxf8+ Kxf8 30. Rd8+ Ke7 31. Rxc8 Kd7 32. Rg8 Rg6 33. h4 Ke7 34. Rb8 Ra6 35. Rb7+ Kf6 36. a4 h6 37. Kf2 Kg6 38. g4 Kf6 39. Kg3 g6 40. Kf4 Ke6 41. g5 h5 42. Ke4 Kd6 43. Rf7 Ra5 44. Rf6+ Kc5 45. Rxg6 Kb4 46. Rh6 Kxb3 47. Rxh5 Rxa4+ 48. Kf5 Ra5+ 49. Kg4 Ra1 50. g6 1-0

[Event "Mittelfranken-chA"]
[Site "Postbauer"]
[Date "1998.??.??"]
[Round "6"]
[White "Ponnath, Lorenz"]
[Black "Hashemi, Abbas"]
[Result "0-1"]
[WhiteElo "2015"]
[BlackElo "2025"]
[PlyCount "120"]
[EventDate "1998.04.07"]
[EventType "swiss"]
[EventRounds "9"]
[EventCountry "GER"]
[SourceTitle "EXT 2011"]
[Source "ChessBase"]
[SourceDate "2010.11.26"]
[SourceVersion "1"]
[SourceVersionDate "2010.11.26"]
[SourceQuality "1"]

1. d4 Nf6 2. c4 g6 3. Nc3 d5 4. Nf3 Bg7 5. Qb3 dxc4 6. Qxc4 0-0 7. e4 a6 8. Bf4 b5 9. Qd3 Bb7 10. a3 Nbd7 11. Be2 c5 12. d5 c4 13. Qc2 Nc5 14. 0-0 Qc8 15. Rad1 Rd8 16. Rfe1 e6 17. Bg5 Re8 18. Bxf6 Bxf6 19. e5 Bg7 20. d6 Nd7 21. Qd2 Qc5 22. Bf1 Nxe5 23. Ng5 Nd7 24. Nce4 Qb6 25. Qf4 Rf8 26. Re3 h6 27. Nf3 Bxe4 28. Qxe4 Nf6 29. Qd4 Qxd4 30. Nxd4 Nd5 31. Nc6 Nxe3 32. fxe3 Bxb2 33. a4 Rfd8 34. Nxd8 Rxd8 35. axb5 axb5 36. Kf2 c3 37. Bd3 Rxd6 38. Ke2 b4 39. Bc2 Rc6 40. Kd3 Rd6+ 41. Kc4 Rxd1 42. Bxd1 Ba3 43. Bc2 Kg7 44. Kb3 f5 45. e4 Kf6 46. Bd3 Ke5 47. exf5 gxf5 48. Kc2 Kd4 49. Ba6 e5 50. Bc8 f4 51. Be6 Ke3 52. Bd5 h5 53. h4 Kf2 54. Bf3 Kg3 55. Bxh5 Kxh4 56. Bf3 Kg3 57. Bd5 Kf2 58. Kd3 Bb2 59. Kc2 Ke3 60. Kd1 e4 0-1